000 00362cam a2200145ua 4500
041 _aeng
_h
082 _a822
_bIBS/SE
100 _aIbson, Henrik .
245 _aSeven famous plays /
_cHenrik Ibson.
_hTextual Documents
260 _aLondon :
_bGerald Duckworth and Co. Ltd. ,
_c1950.
300 _a634 ; .
504 _a
942 _cBK
999 _c5895
_d5895